| 000 | 01107nam a22002297a 4500 | ||
|---|---|---|---|
| 999 |
_c7430 _d7430 |
||
| 001 | 21034 | ||
| 003 | BD-DhUAP | ||
| 005 | 20210121151048.0 | ||
| 008 | 210121r20112020bg a|||| |||| 00| 0 ben d | ||
| 020 | _a9847007609605 | ||
| 040 |
_aBD-DhUAP _bBen _cBD-DhUAP _dBD-DhUAP |
||
| 082 |
_223 _a923.1 SUB |
||
| 245 |
_aশুভেচ্ছা পত্র ২ / _cহাশেম খান এবং রব্বানী শামীম কর্তৃক সম্পাদিত। |
||
| 260 |
_aঢাকা : _bবাংলাদেশ শিশু একাডেমি, _c২০১১ [২০২০]। |
||
| 300 |
_aনম্বরহীন পৃষ্ঠা : _bচিত্র ; _c২৫ সেমি.। |
||
| 490 | _aজাতির পিতা বঙ্গবন্ধু শেখ মুজিবুর রহমান শিশু-গ্রন্থমালা-২১। | ||
| 600 |
_aRahman, Sheikh Mujibur, _d1920-1975 _vBiography. |
||
| 651 |
_aPolitician _xBiography. |
||
| 700 | _aখান, হাশেম। | ||
| 700 | _aশামীম, রব্বানী। | ||
| 942 |
_2ddc _cBK |
||